Indian literature today: Vol 1 drama and fiction (Record no. 167956)
[ view plain ]
| 000 -LEADER | |
|---|---|
| fixed length control field | 00811nam a2200229Ia 4500 |
| 003 - CONTROL NUMBER IDENTIFIER | |
| control field | OSt |
| 005 - DATE AND TIME OF LATEST TRANSACTION | |
| control field | 20230523142525.0 |
| 008 - FIXED-LENGTH DATA ELEMENTS--GENERAL INFORMATION | |
| fixed length control field | 210423s2013 xx 000 0 und d |
| 020 ## - INTERNATIONAL STANDARD BOOK NUMBER | |
| International Standard Book Number | 978-93-82186-09-0 |
| 040 ## - CATALOGING SOURCE | |
| Transcribing agency | AL |
| 041 ## - LANGUAGE CODE | |
| Language code of text/sound track or separate title | eng |
| 082 ## - DEWEY DECIMAL CLASSIFICATION NUMBER | |
| Classification number | 820.954 DHAI |
| 100 ## - MAIN ENTRY--PERSONAL NAME | |
| Personal name | DHAWAN (R K) |
| 9 (RLIN) | 111339 |
| 245 ## - TITLE STATEMENT | |
| Title | Indian literature today: Vol 1 drama and fiction |
| 260 ## - PUBLICATION, DISTRIBUTION, ETC. | |
| Place of publication, distribution, etc. | New Delhi |
| Name of publisher, distributor, etc. | Prestige Books |
| Date of publication, distribution, etc. | 2013 |
| 300 ## - PHYSICAL DESCRIPTION | |
| Extent | 271 |
| Other physical details | HB |
| 365 ## - TRADE PRICE | |
| Price amount | 600 |
| Currency code | INR |
| 440 ## - SERIES STATEMENT/ADDED ENTRY--TITLE | |
| Volume/sequential designation | 1 |
| 650 ## - SUBJECT ADDED ENTRY--TOPICAL TERM | |
| Topical term or geographic name entry element | English Criticism |
| 9 (RLIN) | 111340 |
| 906 ## - LOCAL DATA ELEMENT F, LDF (RLIN) | |
| a | Amit Chaudhuri ; Amitav Ghosh ; Anita Desai ; Aravind Adiga ; Arun Joshi ; Athol Fugard ; Badal Sircar ; chastity ; cruelty ; dalit ; Dina Mehta ; drama ; fiction ; Girish Karnad ; Indian ; literature ; Mahasweta Devi ; Manju Kapur ; modernism ; Rohinton |
| 942 ## - ADDED ENTRY ELEMENTS (KOHA) | |
| Source of classification or shelving scheme | Dewey Decimal Classification |
| Koha item type | Book |
| Withdrawn status | Lost status | Damaged status | Not for loan | Collection code | Home library | Current library | Date acquired | Source of acquisition | Cost, normal purchase price | Total Checkouts | Full call number | Barcode | Date last seen | Price effective from | Koha item type |
|---|---|---|---|---|---|---|---|---|---|---|---|---|---|---|---|
| MA English | St Aloysius PG Library | St Aloysius PG Library | 11/21/2016 | Biblios Book Point | 600.00 | 820.954 DHAI | PG014458 | 08/24/2022 | 04/26/2021 | Book |